000 00531 a2200181 4500
001 137109
020 _a9788502110533
040 _cLeonardo Da Vinci
041 _aPortuguês
082 _a346.071 A448m
_bA448m
100 _aALMEIDA, João Batista de
245 _aManual de direito do consumidor
250 _a5 ed
260 _bSaraiva
_c2011
_aSão Paulo
362 _a20110000
697 _aConsumidores
_aLeis
_aLegislação
_aConsumo no Brasil
_aConceito de fornecedor
_aTutela civil
_aAdministração
_aFIPEN
942 _cBK
999 _c137109
_d137109